| 000 | 01099nam a2200301Ia 4500 | ||
|---|---|---|---|
| 999 |
_c200429692 _d47616 |
||
| 003 | TR-AnTOB | ||
| 005 | 20230721101116.0 | ||
| 008 | 980202s1977 tu 000 0 tur d | ||
| 040 |
_aBGZ _beng _cTR-AnTOB _erda |
||
| 041 | 0 | _atur | |
| 049 | _aBGZA | ||
| 050 | _aLF5250.A5 | ||
| 090 |
_aLF5250.A5 _bM86 1977 |
||
| 100 | 1 |
_aMumcu, Ahmet _4author _923321 |
|
| 245 | 1 | 0 |
_aAnkara Adliye Hukuk Mektebi'nden Ankara Üniversitesi Hukuk Fakültesi'ne, 1925-1975 : _bAnkara Hukuk Fakültesinin yarım yüzyıllık tarihi / _cAhmet Mumcu. |
| 264 |
_aAnkara : _bFakülte, _c1977. |
||
| 300 |
_axx, 354 p., [5] leaves of plates : _bill. ; _c24 cm. |
||
| 336 |
_2 rdacontent _atext |
||
| 337 |
_2rdamedia _aunmediated |
||
| 338 |
_2rdacarrier _avolume |
||
| 490 | 0 |
_aAnkara Üniversitesi. _aHukuk Fakültesi yayınları ; _vno. 416 |
|
| 500 | _aSummary in German. | ||
| 500 | _aIncludes indexes. | ||
| 504 | _aBibliography: p. xi-xv. | ||
| 610 | 0 |
_aAnkara Üniversitesi. _bHukuk Fakültesi _xTarih _958493 |
|
| 610 | 0 |
_aAnkara üniversitesi. _bHukuk Fakültesi _xHistory _941256 |
|
| 942 |
_2lcc _cBK |
||